Statystyki dla Quiz O Flagach Dla Geomexa 2

Kliknij tutaj aby rozwiązać quiz!

Ogólne statystyki

  • Ten quiz został rozwiązany 11 razy
    (4 od ostatniego zresetowania)
  • Średni wynik to 3 z 40

Statystyki odpowiedzi

Odpowiedź% Poprawnych
Belgia(Podczas 2 WŚ)
67%
Niemcy
67%
Bermudy
33%
Kuwejt
33%
Ukraina
33%
Wyspy Kokosowe
33%
Afganistan
0%
Arabia Saudyjska
0%
Austria
0%
Azerbejdżańskie SSR
0%
Cypr
0%
Fidżi
0%
Finlandia
0%
Gruzja
0%
Gwinea
0%
Indonezja
0%
Irak
0%
Iran
0%
Jemen
0%
Kajmany
0%
Libia
0%
Luxembourg
0%
Macedonia
0%
Malta
0%
Mołdawskie SSR
0%
Monako
0%
Nepal
0%
Niemcy
0%
Oman
0%
Peru
0%
Polska
0%
Rosja
0%
Rosja
0%
Serbia
0%
Sudan
0%
Tajlandia
0%
Vanuatu
0%
Węgry
0%
Węgry
0%
Włochy
0%

Rozkład punktacji

Percentyl według liczby udzielonych odpowiedzi

Procent ludzi z każdym wynikiem

Twoja historia wyników

Nie rozwiązałeś tego quizu od ostatniego zresetowania